Online
Catalog

El proyecto de constitución de Duarte y la constitución de San Cristóbal. / (Record no. 30490)

MARC details
000 -CABECERA
campo de control de longitud fija 00651nam a2200205 a 4500
001 - NÚMERO DE CONTROL
campo de control 000030998
003 - IDENTIFICADOR DEL NÚMERO DE CONTROL
campo de control DO-SdBNP
005 - FECHA Y HORA DE LA ÚLTIMA TRANSACCIÓN
campo de control 20210712093427.0
008 - DATOS DE LONGITUD FIJA--INFORMACIÓN GENERAL
campo de control de longitud fija 110609s20uu dr 000 0 spa d
040 ## - FUENTE DE LA CATALOGACIÓN
Centro catalogador/agencia de origen DO-SdBNP
Lengua de catalogación spa
Centro/agencia transcriptor BNPHU
082 ## - NÚMERO DE LA CLASIFICACIÓN DECIMAL DEWEY
Número de clasificación F-
Número de documento/Ítem H557p
100 1# - ENTRADA PRINCIPAL--NOMBRE DE PERSONA
Nombre de persona Hernández Flores, Ismael
9 (RLIN) 23299
245 13 - MENCIÓN DE TÍTULO
Título El proyecto de constitución de Duarte y la constitución de San Cristóbal. /
Mención de responsabilidad, etc. Ismael Hernández Flores.
260 ## - PUBLICACIÓN, DISTRIBUCIÓN, ETC.
Lugar de publicación, distribución, etc. [Santo Domingo], :
Nombre del editor, distribuidor, etc. BanReservas,
Fecha de publicación, distribución, etc. [20--?].
300 ## - DESCRIPCIÓN FÍSICA
Extensión 32 p. ;
Dimensiones 22 cm.
590 ## - NOTA LOCAL (RLIN)
Nota local Inventariado, 2021 / DG
650 4# - PUNTO DE ACCESO ADICIONAL DE MATERIA--TÉRMINO DE MATERIA
Término de materia o nombre geográfico como elemento de entrada República Dominicana
Subdivisión general Constitución
9 (RLIN) 35754
910 ## - DATOS DE OPCIÓN DEL USUARIO (OCLC)
Datos de opción del usuario D/G
942 ## - ELEMENTOS DE PUNTO DE ACCESO ADICIONAL (KOHA)
Fuente del sistema de clasificación o colocación Dewey Decimal Classification
Tipo de ítem Koha Libro
Holdings
Estado de retiro Estado de pérdida No para préstamo Código de colección Localización permanente Ubicación/localización actual Ubicación en estantería Fecha de adquisición Número de inventario Total de préstamos Signatura topográfica completa Código de barras Fecha visto por última vez Precio válido a partir de Tipo de ítem Koha Número de copia Fuente del sistema de clasificación o colocación Restricciones de uso Fuente de adquisición
      Dominicana de Servicio Biblioteca Nacional Pedro Henríquez Ureña General Depósito 12.07.2021     BNPHU DS F- H557p 2021-25070 12.07.2021 12.07.2021 Libro y Folleto Colección Dominicana de Servicio e.4 Dewey Decimal Classification Préstamo en sala CERTV
    Excluido de préstamo Patrimonio Dominicano Patrimonio Dominicano Patrimonio Dominicano En catalogación 09.06.2011 LF1   xxxx H557p 30998-10 25.06.2020 25.06.2020 Libro y Folleto Colección Patrimonio Dominicano        
    Excluido de préstamo Patrimonio Dominicano Patrimonio Dominicano Patrimonio Dominicano En catalogación 09.06.2011 LF1   xxxx H557p 30998-20 25.06.2020 25.06.2020 Libro y Folleto Colección Patrimonio Dominicano e. 2      
    Excluido de préstamo Dominicana de Servicio Patrimonio Dominicano Patrimonio Dominicano En catalogación 09.06.2011 LF1   xxxx H557p 30998-30 25.06.2020 25.06.2020 Libro y Folleto Colección Dominicana de Servicio e. 3      

Powered by Koha